| 000 | 01042cam a2200337 i 4500 | ||
|---|---|---|---|
| 001 | 10939942 | ||
| 005 | 20170105102939.0 | ||
| 008 | 140627s2014 enka b 001 0 eng d | ||
| 020 | _a1780761430 | ||
| 020 | _a9781780761435 | ||
| 024 | _a40023966307 | ||
| 035 | _a(OCoLC)884556062 | ||
| 035 | _a(OCoLC)ocn884556062 | ||
| 035 | _a(NNC)10939942 | ||
| 040 |
_aYDXCP _beng _erda _cYDXCP _dCDX _dOCLCQ _dOCLCO _dNDD _dNhCcYBP |
||
| 050 | 4 |
_aJZ5566.4 _b.G46 2014 |
|
| 082 | 0 | 4 |
_a303.66 _223 _bGEO 2014 |
| 245 | 0 | 0 |
_aGeographies of peace / _cedited by Fiona McConnell, Nick Megoran and Philippa Williams. |
| 260 |
_aNew York _b I.B. Tauris and Company _c2014 |
||
| 300 |
_axviii, 296 pages ; _c24 cm |
||
| 504 | _aIncludes bibliographical references and index. | ||
| 650 | 0 | _aPeace. | |
| 650 | 0 | _aGeopolitics. | |
| 700 | 1 |
_aMcConnell, Fiona, _eeditor. |
|
| 700 | 1 |
_aMegoran, Nick, _eeditor. |
|
| 700 | 1 |
_aWilliams, Philippa, _eeditor. |
|
| 942 |
_2ddc _cBK |
||
| 948 | 1 |
_a20140916 _bc _cybp22 _dMPS |
|
| 949 | _i0073835455 | ||
| 999 |
_c16431 _d16431 |
||